India for a billion reasons / (Record no. 54808)

MARC details
000 -LEADER
fixed length control field 00918nam a22002177a 4500
005 - DATE AND TIME OF LATEST TRANSACTION
control field 20110803153154.0
010 ## - LCCN (DPL NO)
LC control number B-437448
020 ## - INTERNATIONAL STANDARD BOOK NUMBER
International Standard Book Number 9788183281430
Terms of availability 3495.00
035 ## - SYSTEM CONTROL NUMBER
System control number B-437448
035 ## - SYSTEM CONTROL NUMBER
System control number B-437448
037 ## - SOURCE OF ACQUISITION
Source of stock number/acquisition Allied/DE/2010/CR/0003015/31.3.11/293/24.3.11/191/31.3.11
082 04 - DEWEY DECIMAL CLASSIFICATION NUMBER
Classification number 954.00202
Edition number 22
245 00 - TITLE STATEMENT
Title India for a billion reasons /
Statement of responsibility, etc edited by Amit Dasgupta.
260 ## - PUBLICATION, DISTRIBUTION, ETC. (IMPRINT)
Place of publication, distribution, etc New Delhi :
Name of publisher, distributor, etc Wisdom Tree,
Date of publication, distribution, etc 2010.
300 ## - PHYSICAL DESCRIPTION
Extent xvi, 204 p. :
Other physical details ill. (chiefly col.) ;
Dimensions 30 cm. (Hb)
700 1# - ADDED ENTRY--PERSONAL NAME
Personal name DasGupta, Amit.
9 (RLIN) 31111
942 ## - ADDED ENTRY ELEMENTS (KOHA)
Source of classification or shelving scheme Dewey Decimal Classification
Item type English Books
Classification part 954.00202
Call number suffix IND
Holdings
Withdrawn status Lost status Not for loan Collection code Home library Current library Date acquired Source of acquisition Cost, normal purchase price Full call number Barcode Copy number Cost, replacement price Koha item type
      Non-fiction Central Library Central Library 04/08/2011 Allied/DE/2010/CR/0003015/31.3.11/293/24.3.11/191/31.3.11 3495.00 954.00202 IND B-437448 1 3495.00 English Books

© Delhi Public Library
Hit Counter
free hit counter